000 00303nam a22000977a 4500
999 _c11164
_d11164
008 180927b ||||| |||| 00| 0 eng d
020 _a9788170641186
100 _aArya Publication
_95805
245 _aAPC Mentor in English Core XII
_bin Question and Answer Form
260 _aNew Delhi
_bArya Publication
_c2018